00880 2200217 4500001002100000005001500021035002000036245004600056100001700102250001700119300002800136260003100164082000800195084001400203020002200217650001400239520031900253500003300572008004100605990001600646INLIS00000000000005620240321090354 a0010-03240000561 aAku Diubah Menjadi Cantik /cWibowo, A.W.0 aWibowo, A.W. acetakan ke-1 a36 hlm :bilus ;c19 cm aSolo :bTiga Ananda,c2018 a813 a813 WIB a a978-602-366-410-8 4aBuku Anak aOnis si kaleng susu sedang cemas. Ia pasti akan dibuang begitu saja sehabis digunakan. Ups, ternyata tidak. Si ibu yang membelinya mencuci Onis sampai bersih. Si ibu akan membuat Onis menjadi tempat alat tulis yang cantik. Wow, bagaimana, ya, caranya? Yuk, simak di buku ini! Siapa tahu kalian juga bisa menirunya. aSeri Jika Sampah Bisa Bicara240321 0  a00000000056